000 01047nam a2200277Ia 4500
005 20220316235448.0
008 121119s1997 ck a gr 000 0 spa
020 _a9589506011
041 1 _aspa
082 0 4 _a918.617
_bG32E
100 1 _aGheerbrant, Alain
_d1920-
245 1 3 _aLa expedición Orinoco-Amazonas 1948-1950
_cAlain Gheerbrant ; traducción, Jorge Bautista
250 _aPrimera edición
300 _a346 páginas
_bilustraciones
_c22 cm
651 4 _aAmazonas (Región, Colombia)
_xDescripciones y viajes
_937726
651 4 _aAmazonas (Región, Colombia)
_x Vida social y costumbres
_915785
651 4 _aOrinoco (Región)
_x Descripciones y viajes
_937727
651 4 _aOrinoco (Región)
_xVida social y costumbres
_937728
700 1 _aBautista, Jorge
_etraductor
_937729
942 _2ddc
_cBK
264 _aBogotá
_bEl Áncora
_bBanco de la República
_c1997
336 _atexto
_btxt
_2rdacontent
337 _asin mediación
_bn
_2rdamedia
338 _avolumen
_bnc
_2rdacarrier
040 _aCO-BoRNBP
_bspa
_erda
_cCO-BoRNBP
999 _c1034
_d1034